000 00572nam a22001937a 4500
005 20140811114735.0
010 _aENG-110324
020 _a9789350624524
_c595.00
035 _aEN-93856
037 _bDBAD/PUB
082 _a332.15
100 _aIyengar, G.Vijayaragavan
245 _aInternational banking and finance /
_cby G.Vijayaragavan Iyengar
260 _aNew Delhi
_bExcel Books
_c2014
270 _aA-45, Naraina, Phase I
_bNew Delhi
_e110028
300 _axiv,714p.
_c27cm(pbk)
500 _aIncludes index
942 _2ddc
_cEN
_mIYE
_h332.15
999 _c86252
_d86252